Culture Générale - Série 1692 - Statistiques

Statistiques générales
  • Ce quiz a été pris 99 fois
  • Le résultat moyen est 6 sur 10
Statistiques - réponses
Question Réponse % Correct
Dans une locution, quelle couleur associe-t-on au mot "fleur" pour qualifier une personne trop sentimentale ? bleue
95%
De quel État du bassin méditerranéen La Valette est-elle la capitale ? Malte
91%
De quelle comédie française de Francis Veber le film "Dinner for Schmucks" est-il le remake américain ? Le Dîner de cons
82%
Lorsqu'on mesure un éclairement avec un luxmètre, quelle unité de mesure ayant pour symbole "lx" utilise-t-on ? lux
71%
Comme l'indique l'étymologie, que détruit un "fongicide" ? champignons
57%
Quelle chanteuse et actrice française est depuis 1996, la vice-présidente de Sidaction ? Line Renaud
55%
De quel pays Harare est-elle la capitale ? Zimbabwe
55%
Quel département français a pour spécialités culinaires la volaille de Challans, la brioche appelée "gâche" ou le haricot blanc appelé "mogette" ? Vendée
48%
Quel groupe de chanteurs, mené par Fred Mella, a connu un succès international entre 1941 et 1985 ? Les Compagnons de la chanson
39%
De 1967 à 1981, quelle voix emblématique proposait aux Français de s'exprimer sur leur sexualité dans l'émission radiophonique "Allô Ménie" ? Ménie Grégoire
36%
Aucun quiz correspondant
Distribution des résultats
% des personnes avec chaque résultat
Percentile par nombre de réponses
Votre historique - résultats
Vous n’avez pas pris ce quiz